[Event "25. Open Cappelle la Grande 2009"]
[Site "Cappelle la Grande FRA"]
[Date "2009.03.05"]
[Round "7.63"]
[White "Petrisor, Adrian-Marian"]
[Black "Kveinys, Aloyzas"]
[Result "1/2-1/2"]
[WhiteElo "2242"]
[BlackElo "2522"]
[PlyCount "45"]
[EventDate "2009.02.28"]
[EventType "swiss"]
[EventRounds "9"]
[EventCountry "FRA"]
[Source "lmi"]
[SourceDate "2009.02.28"]

1. e4 c5 2. Nf3 e6 3. d4 cxd4 4. Nxd4 a6 5. c4 Nf6 6. Nc3 Bb4 7. Bd3 Nc6 8.
Nxc6 dxc6 9. e5 Qa5 10. exf6 Bxc3+ 11. bxc3 Qxc3+ 12. Bd2 Qxd3 13. fxg7 Rg8 14.
Bh6 Qc3+ 15. Kf1 Qf6 16. Qc1 e5 17. Rb1 Be6 18. Rxb7 O-O-O 19. Ra7 Qh4 20. Qb1
Qxc4+ 21. Ke1 Qc3+ 22. Kf1 Qc4+ 23. Ke1 1/2-1/2

[Event "25. Open Cappelle la Grande 2009"]
[Site "Cappelle la Grande FRA"]
[Date "2009.03.05"]
[Round "7.56"]
[White "Savchenko, Stanislav"]
[Black "Arutyunova, Diana"]
[Result "1/2-1/2"]
[WhiteElo "2572"]
[BlackElo "2261"]
[PlyCount "40"]
[EventDate "2009.02.28"]
[EventType "swiss"]
[EventRounds "9"]
[EventCountry "FRA"]
[Source "lmi"]
[SourceDate "2009.02.28"]

1. d4 e6 2. c4 f5 3. g3 Nf6 4. Bg2 Be7 5. Nf3 O-O 6. O-O d6 7. b4 Ne4 8. Bb2 c6
9. d5 Bf6 10. Qb3 b5 11. cxb5 Bxb2 12. Qxb2 cxd5 13. Nbd2 Qe8 14. a4 Nd7 15.
Rfc1 Ndf6 16. Nd4 e5 17. Nc6 f4 18. Nxe4 Nxe4 19. Rd1 Qf7 20. f3 fxg3 1/2-1/2

[Event "25. Open Cappelle la Grande 2009"]
[Site "Cappelle la Grande FRA"]
[Date "2009.03.05"]
[Round "7.40"]
[White "Todorov, Todor"]
[Black "Vernay, Clovis"]
[Result "1/2-1/2"]
[WhiteElo "2507"]
[BlackElo "2339"]
[PlyCount "38"]
[EventDate "2009.02.28"]
[EventType "swiss"]
[EventRounds "9"]
[EventCountry "FRA"]
[Source "lmi"]
[SourceDate "2009.02.28"]

1. e4 e6 2. d4 d5 3. Nd2 dxe4 4. Nxe4 Nd7 5. Bd3 Ngf6 6. Qe2 Nxe4 7. Bxe4 c5 8.
d5 e5 9. c4 Bd6 10. Bc2 O-O 11. Bd2 f5 12. g4 fxg4 13. Qxg4 Qf6 14. Qg2 e4 15.
Bc3 Be5 16. Ne2 Bxc3+ 17. Nxc3 Ne5 18. O-O-O Bg4 19. Qxe4 Qh6+ 1/2-1/2

[Event "25. Open Cappelle la Grande 2009"]
[Site "Cappelle la Grande FRA"]
[Date "2009.03.05"]
[Round "7.104"]
[White "Van Nies, Pauline"]
[Black "Markosian, David S"]
[Result "1/2-1/2"]
[WhiteElo "2167"]
[BlackElo "2460"]
[PlyCount "55"]
[EventDate "2009.02.28"]
[EventType "swiss"]
[EventRounds "9"]
[EventCountry "FRA"]
[Source "lmi"]
[SourceDate "2009.02.28"]

1. e4 e6 2. d4 b6 3. Bd3 Bb7 4. Nf3 g6 5. Bg5 f6 6. Be3 Bg7 7. h4 h6 8. Nc3 Ne7
9. Qe2 d6 10. O-O-O Nd7 11. g4 Nf8 12. d5 e5 13. Bb5+ Nd7 14. g5 a6 15. gxf6
Bxf6 16. Bxd7+ Qxd7 17. h5 g5 18. Nh2 O-O-O 19. Ng4 Bg7 20. f3 Rdf8 21. Rd3 Rf7
22. Bf2 Rhf8 23. Nd1 Kb8 24. Kb1 Ng8 25. Rb3 Ne7 26. Rd3 Bc8 27. Ra3 Bb7 28.
Rd3 1/2-1/2

[Event "25. Open Cappelle la Grande 2009"]
[Site "Cappelle la Grande FRA"]
[Date "2009.03.05"]
[Round "7.58"]
[White "Houriez, Clement"]
[Black "Kiselev, Vitaliy"]
[Result "0-1"]
[WhiteElo "2261"]
[BlackElo "2539"]
[PlyCount "40"]
[EventDate "2009.02.28"]
[EventType "swiss"]
[EventRounds "9"]
[EventCountry "FRA"]
[Source "lmi"]
[SourceDate "2009.02.28"]

1. e4 e5 2. Nf3 d6 3. d4 exd4 4. Nxd4 Nf6 5. Nc3 Be7 6. Be2 O-O 7. O-O Re8 8.
f4 Bf8 9. Bf3 c5 10. Nb3 Nc6 11. Kh1 a5 12. a4 Nb4 13. Re1 d5 14. e5 Bf5 15.
exf6 Bxc2 16. fxg7 Bxg7 17. Rxe8+ Qxe8 18. Qg1 Bxb3 19. Qxc5 Nc2 20. Rb1 Bd4
0-1

[Event "25. Open Cappelle la Grande 2009"]
[Site "Cappelle la Grande FRA"]
[Date "2009.03.05"]
[Round "7.26"]
[White "Karim, Ismael"]
[Black "Sulskis, Sarunas"]
[Result "0-1"]
[WhiteElo "2407"]
[BlackElo "2573"]
[PlyCount "90"]
[EventDate "2009.02.28"]
[EventType "swiss"]
[EventRounds "9"]
[EventCountry "FRA"]
[Source "lmi"]
[SourceDate "2009.02.28"]

1. e4 c6 2. c4 d5 3. cxd5 cxd5 4. exd5 Nf6 5. Nc3 Nxd5 6. Nf3 Nc6 7. Bb5 e6 8.
O-O Bd6 9. d4 O-O 10. Re1 Nce7 11. Bd3 b6 12. Ne5 Bb7 13. Qh5 Nf5 14. Bxf5 exf5
15. Qxf5 Qc8 16. Qxc8 Raxc8 17. Nxd5 Bxd5 18. Bd2 f6 19. Nd3 Bc4 20. Nf4 Rfd8
21. a3 Kf7 22. Ne2 Bxe2 23. Rxe2 Rc2 24. Kf1 Rxb2 25. Bb4 Rxe2 26. Kxe2 Bxb4
27. axb4 Rxd4 28. Rxa7+ Kg6 29. Rb7 Rxb4 30. Kf3 Rb3+ 31. Kf4 h5 32. h4 b5 33.
g3 Rb1 34. Kf3 b4 35. Ke3 b3 36. Kf4 Rb2 37. f3 Rb1 38. Ke4 Kh6 39. Kf5 Kh7 40.
Rb8 b2 41. Kf4 g6 42. Rb7+ Kg8 43. Rb8+ Kf7 44. Rb6 g5+ 45. Kf5 Re1 0-1

[Event "25. Open Cappelle la Grande 2009"]
[Site "Cappelle la Grande FRA"]
[Date "2009.03.06"]
[Round "8.39"]
[White "Bijaoui, Manuel"]
[Black "Braun, Arik"]
[Result "1-0"]
[WhiteElo "2404"]
[BlackElo "2558"]
[PlyCount "53"]
[EventDate "2009.02.28"]
[EventType "swiss"]
[EventRounds "9"]
[EventCountry "FRA"]
[Source "lmi"]
[SourceDate "2009.02.28"]

1. e4 e6 2. d4 d5 3. Nd2 c5 4. exd5 Qxd5 5. Ngf3 cxd4 6. Bc4 Qd6 7. O-O Nf6 8.
Nb3 Nc6 9. Nbxd4 Nxd4 10. Nxd4 a6 11. Bb3 Qc7 12. Re1 Bd6 13. h3 O-O 14. Bg5
Be5 15. c3 h6 16. Nf3 Rd8 17. Qc1 hxg5 18. Nxe5 Nh7 19. Qe3 f6 20. Nc4 Re8 21.
Nb6 Rb8 22. Nxc8 Rbxc8 23. Bxe6+ Kh8 24. Qf3 Rcd8 25. Qh5 Qf4 26. g3 Qd2 27.
Re2 1-0

[Event "25. Open Cappelle la Grande 2009"]
[Site "Cappelle la Grande FRA"]
[Date "2009.03.06"]
[Round "8.40"]
[White "Bobras, Piotr"]
[Black "Havlicek, Libor"]
[Result "1-0"]
[WhiteElo "2554"]
[BlackElo "2346"]
[PlyCount "51"]
[EventDate "2009.02.28"]
[EventType "swiss"]
[EventRounds "9"]
[EventCountry "FRA"]
[Source "lmi"]
[SourceDate "2009.02.28"]

1. e4 c5 2. Nf3 d6 3. d4 cxd4 4. Nxd4 Nf6 5. Nc3 a6 6. Bg5 e6 7. f4 Be7 8. Qf3
Qc7 9. O-O-O Nbd7 10. g4 b5 11. Bxf6 Nxf6 12. g5 Nd7 13. f5 Nc5 14. f6 b4 15.
Nd5 exd5 16. exd5 Nd7 17. fxe7 Ne5 18. Qg3 Kxe7 19. Bg2 Bd7 20. Rhe1 Kf8 21.
Rxe5 dxe5 22. d6 Qd8 23. Bxa8 exd4 24. Bd5 Bf5 25. Re1 Bg6 26. d7 1-0

[Event "25. Open Cappelle la Grande 2009"]
[Site "Cappelle la Grande FRA"]
[Date "2009.03.06"]
[Round "8.54"]
[White "Le Roux, Jean-Pierre"]
[Black "Khouri, Ibrahim Mohamed"]
[Result "1-0"]
[WhiteElo "2491"]
[BlackElo "2132"]
[PlyCount "41"]
[EventDate "2009.02.28"]
[EventType "swiss"]
[EventRounds "9"]
[EventCountry "FRA"]
[Source "lmi"]
[SourceDate "2009.02.28"]

1. d4 Nf6 2. Nf3 e6 3. g3 b6 4. Bg2 Bb7 5. c4 Bb4+ 6. Bd2 Qe7 7. O-O O-O 8. Bg5
d5 9. Qc2 Bd6 10. Nc3 h6 11. Bxf6 Qxf6 12. e4 dxe4 13. Nd2 Qxd4 14. Ncxe4 Nc6
15. Nf3 Nb4 16. Nxd4 Nxc2 17. Nxc2 Be5 18. Nc3 Bxg2 19. Kxg2 Rfd8 20. Rfd1 Bxc3
21. bxc3 1-0

[Event "25. Open Cappelle la Grande 2009"]
[Site "Cappelle la Grande FRA"]
[Date "2009.03.06"]
[Round "8.68"]
[White "Philippe, Christophe"]
[Black "Kostiuk, Tatiana"]
[Result "1-0"]
[WhiteElo "2458"]
[BlackElo "2246"]
[PlyCount "63"]
[EventDate "2009.02.28"]
[EventType "swiss"]
[EventRounds "9"]
[EventCountry "FRA"]
[Source "lmi"]
[SourceDate "2009.02.28"]

1. e4 e5 2. Nf3 Nc6 3. Bb5 a6 4. Ba4 Nf6 5. d3 d6 6. c3 Be7 7. O-O O-O 8. Re1
Kh8 9. h3 Nd7 10. d4 f5 11. exf5 Rxf5 12. Bc2 Rf7 13. d5 Ncb8 14. Nbd2 Nf8 15.
Ne4 Bf5 16. Nfg5 Bxg5 17. Nxg5 Rf6 18. Bxf5 Rxf5 19. Qg4 Qf6 20. Be3 Nbd7 21.
Ne4 Qf7 22. c4 g6 23. b4 Nf6 24. Nxf6 Rxf6 25. Red1 Nd7 26. c5 Qe8 27. Rac1 Rf7
28. cxd6 cxd6 29. Qe6 Qf8 30. Bh6 Qe7 31. Rc7 Re8 32. Rdc1 1-0

[Event "25. Open Cappelle la Grande 2009"]
[Site "Cappelle la Grande FRA"]
[Date "2009.03.06"]
[Round "8.55"]
[White "Simutowe, Amon"]
[Black "Marchyllie, Bruno"]
[Result "1-0"]
[WhiteElo "2485"]
[BlackElo "2132"]
[PlyCount "57"]
[EventDate "2009.02.28"]
[EventType "swiss"]
[EventRounds "9"]
[EventCountry "FRA"]
[Source "lmi"]
[SourceDate "2009.02.28"]

1. e4 e5 2. Nf3 Nc6 3. Nc3 Nf6 4. d4 exd4 5. Nxd4 Nxd4 6. Qxd4 d6 7. h3 Be7 8.
Be3 a6 9. g4 c5 10. Qd3 b5 11. g5 Nd7 12. f4 Bb7 13. h4 Nb6 14. Bg2 f5 15.
O-O-O Qc7 16. Rhg1 O-O-O 17. exf5 d5 18. f6 gxf6 19. gxf6 d4 20. Bxb7+ Qxb7 21.
fxe7 Qxe7 22. Bf2 dxc3 23. Qxc3 Na4 24. Qf3 Qf6 25. Qa8+ Kc7 26. Rg7+ Kb6 27.
Qb7+ Ka5 28. Be1+ b4 29. Bxb4+ 1-0

[Event "25. Open Cappelle la Grande 2009"]
[Site "Cappelle la Grande FRA"]
[Date "2009.03.06"]
[Round "8.37"]
[White "Solodovnichenko, Yuri"]
[Black "Brunner, Nicolas"]
[Result "1-0"]
[WhiteElo "2571"]
[BlackElo "2413"]
[PlyCount "75"]
[EventDate "2009.02.28"]
[EventType "swiss"]
[EventRounds "9"]
[EventCountry "FRA"]
[Source "lmi"]
[SourceDate "2009.02.28"]

1. e4 c6 2. d4 d5 3. e5 c5 4. dxc5 Nc6 5. Bf4 e6 6. Nf3 Bxc5 7. Bd3 Nge7 8. O-O
Ng6 9. Bg3 f5 10. exf6 Qxf6 11. c4 Qxb2 12. cxd5 Qxa1 13. Qc2 O-O 14. dxc6 Bd4
15. Be4 bxc6 16. Qxc6 Ne5 17. Bxe5 Bxe5 18. Nbd2 Rb8 19. Rxa1 Bxa1 20. Qd6 Bb7
21. Qxe6+ Kh8 22. Bxb7 Rxb7 23. h4 Bf6 24. Ne4 Bd8 25. Neg5 Re7 26. Qd6 Rfe8
27. Qd3 g6 28. Qd4+ Kg8 29. Qc4+ Kg7 30. Nd4 Bb6 31. Nde6+ Kh8 32. Qc3+ Kg8 33.
Qf6 Rd7 34. g4 Rde7 35. Kg2 Rd7 36. h5 gxh5 37. Nxh7 Kxh7 38. Qf5+ 1-0

[Event "25. Open Cappelle la Grande 2009"]
[Site "Cappelle la Grande FRA"]
[Date "2009.03.06"]
[Round "8.46"]
[White "Baron, Tal"]
[Black "Riff, Jean-Noel"]
[Result "0-1"]
[WhiteElo "2332"]
[BlackElo "2520"]
[PlyCount "104"]
[EventDate "2009.02.28"]
[EventType "swiss"]
[EventRounds "9"]
[EventCountry "FRA"]
[Source "lmi"]
[SourceDate "2009.02.28"]

1. e4 c5 2. Nf3 d6 3. d4 Nf6 4. Nc3 cxd4 5. Nxd4 e6 6. Be2 Be7 7. O-O O-O 8. f4
Nc6 9. Be3 Bd7 10. Kh1 a6 11. a4 Qc7 12. Nb3 Rac8 13. a5 Nb4 14. Bb6 Qb8 15.
Bf3 e5 16. Be3 Rfd8 17. Rf2 exf4 18. Bxf4 Be6 19. Nd5 Nbxd5 20. exd5 Bf5 21.
Nd4 Bg6 22. Re2 Re8 23. Ra3 Qc7 24. h3 Bf8 25. Rxe8 Rxe8 26. Qd2 Ne4 27. Qb4
Qe7 28. g3 Qd7 29. Kg2 Nc5 30. Re3 Rxe3 31. Bxe3 Be7 32. Qe1 Bf6 33. b4 Ne4 34.
c4 h5 35. h4 Qa4 36. Bg1 Qc2+ 37. Qe2 Qb1 38. Bxh5 Nxg3 39. Qe8+ Kh7 40. Bxg6+
Qxg6 41. Nf3 Ne2+ 42. Kf1 Nxg1 43. Nxg1 Qf5+ 44. Ke2 Qc2+ 45. Kf3 Qf5+ 46. Ke3
Be5 47. Nf3 Qf4+ 48. Kf2 Bf6 49. Kg2 Qg4+ 50. Kf2 Bxh4+ 51. Ke3 f5 52. Qe6 Bg3
0-1

[Event "25. Open Cappelle la Grande 2009"]
[Site "Cappelle la Grande FRA"]
[Date "2009.03.06"]
[Round "8.79"]
[White "Karlsson, Bjorn-Ivar"]
[Black "Petitcunot, Pierre"]
[Result "0-1"]
[WhiteElo "2205"]
[BlackElo "2397"]
[PlyCount "48"]
[EventDate "2009.02.28"]
[EventType "swiss"]
[EventRounds "9"]
[EventCountry "FRA"]
[Source "lmi"]
[SourceDate "2009.02.28"]

1. b3 e5 2. Bb2 Nc6 3. e3 Nf6 4. Bb5 Bd6 5. Nc3 O-O 6. g4 Bb4 7. g5 Bxc3 8.
dxc3 Ne4 9. h4 d5 10. f3 Ng3 11. Rh2 Ne7 12. Ne2 Ngf5 13. e4 Nd6 14. Bd3 f5 15.
Ng3 fxe4 16. fxe4 Ng6 17. exd5 e4 18. Be2 Nxh4 19. Nxe4 Ng6 20. Rxh7 Kxh7 21.
Bd3 Nxe4 22. Qh5+ Kg8 23. Qxg6 Qe8 24. Bxe4 Bf5 0-1

[Event "25. Open Cappelle la Grande 2009"]
[Site "Cappelle la Grande FRA"]
[Date "2009.03.07"]
[Round "9.30"]
[White "Graf, Alexander"]
[Black "Van Kampen, Robin"]
[Result "1-0"]
[WhiteElo "2643"]
[BlackElo "2305"]
[PlyCount "75"]
[EventDate "2009.02.28"]
[EventType "swiss"]
[EventRounds "9"]
[EventCountry "FRA"]
[Source "lmi"]
[SourceDate "2009.02.28"]

1. d4 Nf6 2. c4 c5 3. d5 b5 4. cxb5 a6 5. bxa6 g6 6. Nc3 Bxa6 7. e4 Bxf1 8.
Kxf1 d6 9. Nf3 Bg7 10. h3 O-O 11. Kg1 Nbd7 12. Kh2 Qa5 13. Re1 Rfb8 14. Re2 Ne8
15. Rc2 Nc7 16. Bg5 Kf8 17. Rac1 h6 18. Bf4 Kg8 19. Re2 Qa6 20. Qd2 g5 21. Bg3
Nb6 22. b3 Rd8 23. Nd1 Nb5 24. Ne3 e6 25. a4 Nd4 26. Nxd4 cxd4 27. Nc2 exd5 28.
Nb4 Qa5 29. Nc6 Qxd2 30. Rxd2 Re8 31. exd5 Nxd5 32. Nxd4 Nf6 33. f3 Nh5 34.
Bxd6 Re3 35. Rb1 Rd8 36. Nf5 Re6 37. Nxg7 Nxg7 38. Rbd1 1-0

[Event "25. Open Cappelle la Grande 2009"]
[Site "Cappelle la Grande FRA"]
[Date "2009.03.07"]
[Round "9.36"]
[White "Gharamian, Tigran"]
[Black "Laurent, Julien G"]
[Result "1-0"]
[WhiteElo "2581"]
[BlackElo "2363"]
[PlyCount "77"]
[EventDate "2009.02.28"]
[EventType "swiss"]
[EventRounds "9"]
[EventCountry "FRA"]
[Source "lmi"]
[SourceDate "2009.02.28"]

1. e4 c5 2. c3 d5 3. exd5 Qxd5 4. d4 Nc6 5. dxc5 Qxc5 6. Na3 Nf6 7. Nf3 Ng4 8.
Qe2 Bf5 9. h3 Bd3 10. Qxd3 Qxf2+ 11. Kd1 Rd8 12. Qxd8+ Kxd8 13. hxg4 e5 14. Nc4
Be7 15. Be3 Qg3 16. g5 e4 17. Nh4 Kc8 18. Kc2 b5 19. Nf5 Qc7 20. Nxe7+ Nxe7 21.
Nd2 Nf5 22. Rh3 Qe5 23. Re1 Ng3 24. Bxb5 Qxb5 25. Rxg3 Qd3+ 26. Kc1 Rd8 27. Rg4
Re8 28. Rf4 Re7 29. Rf5 a6 30. Rc5+ Kb7 31. Rc4 Qd5 32. Rd1 Qf5 33. Rb4+ Kc7
34. Nb3 Rd7 35. Bb6+ Kc8 36. Rc4+ Kb8 37. Rxd7 Qxd7 38. Rd4 Qf5 39. Nc5 1-0

[Event "25. Open Cappelle la Grande 2009"]
[Site "Cappelle la Grande FRA"]
[Date "2009.03.07"]
[Round "9.46"]
[White "Zinchenko, Yaroslav"]
[Black "Vernay, Clovis"]
[Result "1/2-1/2"]
[WhiteElo "2527"]
[BlackElo "2339"]
[PlyCount "53"]
[EventDate "2009.02.28"]
[EventType "swiss"]
[EventRounds "9"]
[EventCountry "FRA"]
[Source "lmi"]
[SourceDate "2009.02.28"]

1. e4 e6 2. d4 d5 3. Nd2 dxe4 4. Nxe4 Nd7 5. Nf3 Ngf6 6. Nxf6+ Nxf6 7. c3 c5 8.
Ne5 a6 9. Bg5 Qd5 10. Bxf6 gxf6 11. Nc4 cxd4 12. Nb6 Qa5 13. Qxd4 e5 14. Qa4+
Qxa4 15. Nxa4 Be6 16. Nb6 Rd8 17. Bc4 Bc5 18. Bxe6 fxe6 19. Nc4 Rg8 20. O-O b5
21. Na5 Bb6 22. Nb3 Rg4 23. Rfd1 Rf4 24. Rxd8+ Kxd8 25. Rd1+ Ke7 26. Rd2 a5 27.
Na1 1/2-1/2

[Event "25. Open Cappelle la Grande 2009"]
[Site "Cappelle la Grande FRA"]
[Date "2009.03.07"]
[Round "9.27"]
[White "Vul, Arkadi Eremeevich"]
[Black "Sokolov, Andrei"]
[Result "0-1"]
[WhiteElo "2344"]
[BlackElo "2552"]
[PlyCount "54"]
[EventDate "2009.02.28"]
[EventType "swiss"]
[EventRounds "9"]
[EventCountry "FRA"]
[Source "lmi"]
[SourceDate "2009.02.28"]

1. Nf3 Nf6 2. c4 e6 3. Nc3 Bb4 4. Qc2 d6 5. g3 O-O 6. a3 Bxc3 7. Qxc3 e5 8. b4
c5 9. Bg2 Nc6 10. b5 Nd4 11. e3 Bh3 12. Bxh3 Nxf3+ 13. Ke2 e4 14. d4 d5 15.
dxc5 dxc4 16. Bb2 Qd5 17. Bg2 Rfd8 18. h3 Qxc5 19. Bxf3 exf3+ 20. Kxf3 Qxb5 21.
Kg2 Rd3 22. Qe5 Qc6+ 23. Kh2 c3 24. Bc1 Rc8 25. Qf5 Ne4 26. f3 Nd2 27. Kg2 Rxe3
0-1